000
00250nam a2200097Ia 4500
001
639883
005
20250826153436.0
008
250824s9999 xx 000 0 und d
245
0
_a
AYNANIN İÇİNDEN
_c
LEWIS CARROL
260
_b
ANTİK DÜNYA KLASİKLERİ
999
_c
639883
_d
639883